000 00704nam a22001937a 4500
999 _c193048
_d193048
005 20221014121901.0
010 _aUR-11756
020 _a9789392496905
_c450.00
035 _aU-10311
037 _bDBAD/PUB
_a-
082 _a840
100 _aمحمد حسین وانی
245 _aمشتاق احمد وانی حیات اور ادبی خد مات /
_cمحمد حسین وانی
_hا ر د و
246 _aMushtaq Ahmed Wani Hayaat aur Adabi Khidmaat /
_bby Mohd Hussain Wani
260 _aNew Delhi
_bEducational Publishing House
_c2022 ء
270 _aH.O. D1/16, Ansari Road, Darya ganj
_bNew Delhi
_e110002
300 _a461 ص
_c22cm(Hb)
942 _2ddc
_cUR
_h840
_mم ح م